000 00321nam a2200109Ia 4500
008 200302s9999 xx 000 0 und d
100 _aChristies
245 _aRadical Geometry Modern Art of South America From the Patricia Phelps De Cisneros Collection
260 _bRoyal Academy of Arts
260 _c2014
300 _a173
999 _c3714
_d3714